000 00365nam a22001337a 4500
020 _a0-408-00050-3
082 _a621.381 LEW'S
100 _aLEWIS, RHYS
_957317
245 _aSOLID STATE DEVICES AND APPLICATIONS
260 _aLONDON
_bNEWNES BUTTEROWRTH
_c1971
300 _a258P
650 _aDIODES BIPOLAR TRANSISTERS UNIPOLAR TRANSISTER
_957318
942 _cBK
999 _c567613
_d567613